<?xml version="1.0" encoding="UTF-8"?>
<collection xmlns="http://www.loc.gov/MARC21/slim">
 <record>
  <leader>00342pamaa2200121   4500</leader>
  <controlfield tag="001">0000032052</controlfield>
  <controlfield tag="005">20110607090000.0</controlfield>
  <datafield tag="020" ind1="0" ind2="0">
   <subfield code="a">0782130070 CD-ROM </subfield>
  </datafield>
  <datafield tag="090" ind1="0" ind2="0">
   <subfield code="a">QA76.3 </subfield>
   <subfield code="b">SYB 2001</subfield>
  </datafield>
  <datafield tag="245" ind1="1" ind2="0">
   <subfield code="a">Network+ : </subfield>
   <subfield code="b">virtual test center  </subfield>
   <subfield code="c">Sybex Inc [</subfield>
   <subfield code="m">CD-ROM].</subfield>
  </datafield>
  <datafield tag="260" ind1="0" ind2="0">
   <subfield code="a">UK: </subfield>
   <subfield code="b">Sybex Inc.</subfield>
  </datafield>
  <datafield tag="300" ind1=" " ind2=" ">
   <subfield code="a">1CD-ROM: </subfield>
   <subfield code="b">4.5 inc.</subfield>
  </datafield>
  <datafield tag="650" ind1="0" ind2="0">
   <subfield code="a">Computer networks -- </subfield>
   <subfield code="x">test center </subfield>
  </datafield>
 </record>
</collection>
